000 00779cam a2200205 a 4500
999 _c12149
_d12149
005 20240117154241.0
008 240117b ||||| |||| 00| 0 eng d
020 _a9781568987224 (pbk. : alk. paper)
082 0 0 _a620.1/1
_222
245 0 0 _aTransmaterial 2 :
_ba catalog of materials that redefine our physical environment /
_cedited by Blaine Brownell.
246 3 _aTransmaterial two
260 _aNew York :
_bPrinceton Architectural Press,
_cc2008.
300 _a247 p. :
_bcol. ill. ;
_c23 cm.
500 _aIncludes indexes.
650 0 _aMaterials
_xTechnological innovations.
650 0 _aMaterials
_vCatalogs.
700 1 _aBrownell, Blaine Erickson,
_d1970-
856 4 1 _3Table of contents only
_uhttp://www.loc.gov/catdir/toc/ecip0719/2007022126.html
942 _2ddc